MARC details
| 000 -CABECERA |
| campo de control de longitud fija |
01195nam a2200289 a 4500 |
| 001 - NÚMERO DE CONTROL |
| campo de control |
000024197 |
| 005 - FECHA Y HORA DE LA ÚLTIMA TRANSACCIÓN |
| campo de control |
20200930022811.0 |
| 008 - DATOS DE LONGITUD FIJA--INFORMACIÓN GENERAL |
| campo de control de longitud fija |
110120s1988 cu r 000 |aspa d |
| 040 ## - FUENTE DE LA CATALOGACIÓN |
| Centro catalogador/agencia de origen |
DO-SdBNP |
| Lengua de catalogación |
spa |
| Centro/agencia transcriptor |
BNPHU |
| 041 17 - CÓDIGO DE LENGUA |
| Código de lengua del texto/banda sonora o título independiente |
gem |
| Código de lengua del material acompañante/anejo si no son libretos |
spa |
| Fuente del código |
Código de idioma MARC |
| 082 ## - NÚMERO DE LA CLASIFICACIÓN DECIMAL DEWEY |
| Número de clasificación |
833.8 |
| Número de documento/Ítem |
K68H |
| 049 ## - FONDOS LOCALES (OCLC) |
| Fondos de biblioteca |
BNGR |
| 100 1# - ENTRADA PRINCIPAL--NOMBRE DE PERSONA |
| Nombre de persona |
Hesse, Hermann, |
| Fechas asociadas al nombre |
1877-1962 |
| 9 (RLIN) |
3301 |
| 240 10 - TÍTULO UNIFORME |
| Título uniforme |
Das glasperlenspiel. |
| Lenguaje de la obra |
Español |
| 245 13 - MENCIÓN DE TÍTULO |
| Título |
El juego de abalorios : |
| Resto del título |
ensayo de una biografía del magister Ludi Josef Knecht, juntamente con los escritores dejados por él / |
| Mención de responsabilidad, etc. |
Hermann Hesse; prólogo de Ortrud Bimberg, traducido por Jorge A. Pomar; edición por Guillermo Wasmer Miguel. |
| 260 ## - PUBLICACIÓN, DISTRIBUCIÓN, ETC. |
| Lugar de publicación, distribución, etc. |
La Habana, (Cuba) : |
| Nombre del editor, distribuidor, etc. |
Arte y Literatura, |
| Fecha de publicación, distribución, etc. |
1988. |
| 300 ## - DESCRIPCIÓN FÍSICA |
| Extensión |
454 p. ; |
| Dimensiones |
23 cm. |
| 490 1# - MENCIÓN DE SERIE |
| Mención de serie |
Biblioteca de literatura universal |
| 586 ## - NOTA DE PREMIOS |
| Nota de premios |
Premio nóbel de literatura 1946 |
| 534 ## - NOTA SOBRE LA VERSIÓN ORIGINAL |
| Encabezamiento principal del original |
Título del original en alemán : |
| Mención de título del original |
Das glasperlenspiel |
| 650 #4 - PUNTO DE ACCESO ADICIONAL DE MATERIA--TÉRMINO DE MATERIA |
| Término de materia o nombre geográfico como elemento de entrada |
Novela alemana |
| 9 (RLIN) |
3302 |
| 650 #4 - PUNTO DE ACCESO ADICIONAL DE MATERIA--TÉRMINO DE MATERIA |
| Término de materia o nombre geográfico como elemento de entrada |
Literatura alemana |
| 9 (RLIN) |
3274 |
| 700 1# - PUNTO DE ACCESO ADICIONAL--NOMBRE DE PERSONA |
| Nombre de persona |
Bimberg, Ortrud |
| Término indicativo de función/relación |
pról. |
| 9 (RLIN) |
49699 |
| 700 1# - PUNTO DE ACCESO ADICIONAL--NOMBRE DE PERSONA |
| Nombre de persona |
Pomar, Jorge A. |
| Numeración |
tr. |
| 9 (RLIN) |
49700 |
| 700 1# - PUNTO DE ACCESO ADICIONAL--NOMBRE DE PERSONA |
| Nombre de persona |
Wasmer Miguel, Guillermo |
| Numeración |
ed. |
| 9 (RLIN) |
49701 |
| 830 #0 - PUNTO DE ACCESO ADICIONAL DE SERIE-TÍTULO UNIFORME |
| Título uniforme |
Biblioteca de literatura universal |
| 9 (RLIN) |
49702 |